书目信息 |
| 题名: |
阅读英国
|
|
| 作者: | 王昶 , 徐正源 , 杨德林 编 | |
| 分册: | ||
| 出版信息: | 北京 外文出版社 2004.1 |
|
| 页数: | 203页 | |
| 开本: | 21cm | |
| 丛书名: | ||
| 单 册: | ||
| 中图分类: | K956.1 , H319.4:K956.1 , H319.4 | |
| 科图分类: | ||
| 主题词: | 英语 | |
| 电子资源: | ||
| ISBN: | 7-119-03349-2 | |
| 000 | 00770nam0 2200277 45 | |
| 001 | 012004000000 | |
| 005 | 20041208095234.19 | |
| 010 | @a7-119-03349-2@dCNY 11.20 | |
| 100 | @a20040421d2004 em y0chiy0121 ea | |
| 101 | 0 | @achi@aeng |
| 102 | @aCN@b110000 | |
| 105 | @ay z 000yy | |
| 200 | 1 | @a阅读英国@Ayue du ying guo@f王昶, 徐正源, 杨德林编 |
| 210 | @a北京@c外文出版社@d2004.1 | |
| 215 | @a203页@d21cm | |
| 510 | 1 | @aEngland: past and present@zeng |
| 606 | 0 | @a英语 |
| 607 | @a英国@x概况@x英文 | |
| 690 | @aK956.1@v4 | |
| 690 | @aH319.4:K956.1@v4 | |
| 690 | @aH319.4@v3 | |
| 701 | 0 | @a王昶@Awang chang@4编 |
| 701 | 0 | @a徐正源@Axu zheng yuan@4编 |
| 701 | 0 | @a杨德林@Ayang de lin@4编 |
| 801 | 0 | @aCN@bQSSK1@c20041208 |
| 905 | @a10447@dH319.4@eW122 | |
| 阅读英国/王昶, 徐正源, 杨德林编.-北京:外文出版社,2004.1 |
| 203页;21cm |
| ISBN 7-119-03349-2:CNY 11.20 |
| ● |
| 相关链接 |
|
|
|
正题名:阅读英国
索取号:H319.4/W122
 
预约/预借
| 序号 | 登录号 | 条形码 | 馆藏地/架位号 | 状态 | 备注 |
| 1 | 431656 | 204316560 | 语言库209/209语言库 19排2列1层/ [索取号:H319.4/W122] | 在馆 | |
| 2 | 431657 | 204316579 | 语言库209/209语言库 19排2列1层/ [索取号:H319.4/W122] | 在馆 | |
| 3 | 431658 | 204316588 | 语言库209/209语言库 19排2列1层/ [索取号:H319.4/W122] | 在馆 |